000 00830cam a2200253 a 4500
005 20260322212028.0
008 data
010 _a 99032245
020 _a0817639144 (alk. paper)
020 _a9780817639143 (alk. paper)
040 _aDLC
_cDLC
_dDLC
050 0 0 _aQA533
_b.G45 2001
082 0 0 _a516.24/2
_221
092 _a516.24 G45 2001
100 1 _aGelʹfand, I. M.
_q(Izrailʹ Moiseevich)
245 1 0 _aTrigonometry /
_cI. M. Gelʹfand & Mark E. Saul.
260 _aBoston :
_bBirkhäuser,
_cc2001.
300 _ax, 229 p. :
_bill. ;
_c23 cm.
650 0 _aPlane trigonometry.
700 1 _aSaul, Mark E.
856 4 2 _3Publisher description
_uhttp://www.loc.gov/catdir/enhancements/fy0812/99032245-d.html
856 4 1 _3Table of contents only
_uhttp://www.loc.gov/catdir/enhancements/fy0812/99032245-t.html
001 data
999 _c638
_d638